LINEAR ALGEBRA (Record no. 5423)

MARC details
000 -LEADER
fixed length control field 00428nam a22001697a 4500
005 - DATE AND TIME OF LATEST TRANSACTION
control field 20180519130527.0
008 - FIXED-LENGTH DATA ELEMENTS--GENERAL INFORMATION
fixed length control field 170406b xxu||||| |||| 00| 0 eng d
020 ## - INTERNATIONAL STANDARD BOOK NUMBER
ISBN 978-0-07-060502-2
041 ## - LANGUAGE CODE
Language code of text/sound track or separate title eng
082 ## - DEWEY DECIMAL CLASSIFICATION NUMBER
Classification number 512.5
100 ## - MAIN ENTRY--AUTHOR NAME
Personal name LIPCHUTZ, SEYMOUR AND LIPSON, MARC LARS
245 ## - TITLE STATEMENT
Title LINEAR ALGEBRA
250 ## - EDITION STATEMENT
Edition statement 3RD, 2005
260 ## - PUBLICATION, DISTRIBUTION, ETC. (IMPRINT)
Place of publication CHENNAI
Name of publisher MC GRAW HILL EDUCATION PVT
Year of publication 2001
300 ## - PHYSICAL DESCRIPTION
Number of Pages 424
942 ## - ADDED ENTRY ELEMENTS (KOHA)
Koha item type Books
Holdings
Lost status Damaged status Collection code Home library Current library Shelving location Date acquired Source of acquisition Cost, normal purchase price Full call number Accession Number Koha item type
    CS/IT JRU Library JRU Library SHELF-57-D 06/04/2017 PURCHESS 625.00 512.5 21703 Books
    CS/IT JRU Library JRU Library SHELF-57-D 06/04/2017 PURCHESS 625.00 512.5 21704 Books
      JRU Library   SHELF-6-A 06/04/2017 PURCHESS 625.00 512.5 21705 Books